Memoria relativa a los manicomios de San Baudilio de Llobregat y Ciempozuelos / (Record no. 162739)

MARC details
000 -LEADER
campo de control de longitud fija 01153nam a2200217 i 4500
001 - NÚMERO DE CONTROL
campo de control 162739
003 - IDENTIFICADOR DE NÚMERO DE CONTROL
campo de control ES-MaACL
005 - FECHA Y HORA DE LA ÚLTIMA TRANSACCIÓN
campo de control 20230906212607.0
008 - DATOS DE LONGITUD FIJA--INFORMACIÓN GENERAL
campo de control de longitud fija 050624s1889 sp |||| | spa d
245 00 - MENCIÓN DEL TÍTULO
Título Memoria relativa a los manicomios de San Baudilio de Llobregat y Ciempozuelos /
Mención de responsabilidad, etc. redactada por la Comisión Inspectora nombrada por la Excma. Diputación Provincial de Madrid [Ángel Pulido, Luis Lorenzo M. Corral, Leopoldo Gálvez Holguín.
260 ## - PUBLICACIÓN, DISTRIBUCIÓN, ETC.
Lugar de publicación, distribución, etc. Madrid :
Nombre del editor, distribuidor, etc. [s.n.],
Fecha de publicación, distribución, etc. 1889 (
Fabricante Escuela tipográfica del Hospicio)
300 ## - DESCRIPCIÓN FÍSICA
Extensión 39 p. ;
Dimensiones 26 cm.
530 ## - NOTA DISPONIBLE DE FORMULARIO FÍSICO ADICIONAL
Nota de formato físico adicional disponible Disponible en formato digital.
650 04 - PUNTO DE ACCESO ADICIONAL DE MATERIA--TÉRMINO DE MATERIA
Término de materia o nombre geográfico como elemento de entrada Hospitales psiquiátricos.
9 (RLIN) 13485
700 1# - ENTRADA AGREGADA--NOMBRE PERSONAL
Nombre de persona Pulido, Ángel,
Fechas asociadas al nombre 1852-1932
9 (RLIN) 149324
700 1# - ENTRADA AGREGADA--NOMBRE PERSONAL
Nombre de persona Corral, Luis Lorenzo M.
9 (RLIN) 126594
700 1# - ENTRADA AGREGADA--NOMBRE PERSONAL
Nombre de persona Gálvez Holguin, Leopoldo.
9 (RLIN) 53723
852 ## - LOCALIZACIÓN
Ubicación ES-MaACL
Número de control de estantería T-784-F-1
Nota libre - Enc. hol., conservando la enc. original
-- . - Sello del Dr. Pulido, ejemp. donado al Ateneo de Madrid
-- - Enc. en un vol. facticio
856 ## - LOCALIZACIÓN Y ACCESO ELECTRÓNICOS
Identificador Uniforme de Recursos <a href="http://bibliotecavirtual.ranm.es/ranm/i18n/consulta/registro.cmd?id=166">http://bibliotecavirtual.ranm.es/ranm/i18n/consulta/registro.cmd?id=166</a>
Nota pública Biblioteca Virtual de la Real Academia Nacional de Medicina
Holdings
Estatus retirado Estado de pérdida Estado de daño No para préstamo Colección Biblioteca de origen Biblioteca actual Ubicación en estantería Fecha de adquisición Total de préstamos Signatura topográfica completa Código de barras Visto por última vez Precio de reemplazo Tipo de ítem Koha
        Colección de folletos Biblioteca del Ateneo de Madrid Biblioteca del Ateneo de Madrid Depósito folletos 17/01/2008   T-784-F-1 1170502 23/02/2023 23/02/2023 Folleto